| 000 | 00535nam a2200217Ia 4500 | ||
|---|---|---|---|
| 003 | OSt | ||
| 005 | 20251204154233.0 | ||
| 008 | 210210b2005 xxu||||| |||| 00| 0 eng d | ||
| 020 | _a1844450183 | ||
| 040 | _cAL | ||
| 041 | _aeng | ||
| 082 | _a362.7 JOWS | ||
| 100 |
_aMaureen Jowitt _9247656 |
||
| 245 | _aSocial work with children and families | ||
| 260 |
_aUK _bNot Mentioned _c2005 |
||
| 300 | _avii,134p | ||
| 690 |
_aSocial Welfare _9247663 |
||
| 700 |
_aOloughlin Steve Ed _9247664 |
||
| 906 | _a062160 | ||
| 942 |
_2ddc _cBK |
||
| 999 |
_c116868 _d116868 |
||